Identifikácia lokálnej transformácie pri farbení mračien bodov pomocou údajov z kamery

Salvato in:
Dettagli Bibliografici
Autore principale: Ďurina, Andrej (Autore)
Altri autori: Dekan, Martin (Relatore della tesi)
Natura: Manoscritto Libro
Lingua:slovacco
Pubblicazione: Bratislava : STU v Bratislave FEI, 2023
Soggetti:
Accesso online:https://opac.crzp.sk/?fn=detailBiblioFormChildOEQ77&sid=C0DEB8E07572332BAA250915805F&seo=CRZP-detail-kniha
Tags: Aggiungi Tag
Nessun Tag, puoi essere il primo ad aggiungerne!!

MARC

LEADER 00000ntm a22000003a 4500
001 stuzp92112
003 SK-STU
005 20241127125717.7
007 ta
008 150427s2015----xo-----f-mn---000-0-slo-d
040 |a STU  |b slo 
041 0 |a slo 
044 |a xo 
100 1 |a Ďurina, Andrej  |u 031000  |k Z3  |4 aut  |U FEI Fakulta elektrotechniky a informatiky  |T FEI Ústav robotiky a kybernetiky  |X 98322  |U E011  |Y 356  |7 98322 
242 0 1 |a Identification of Local Transformation for Point Cloud Camera Based Colorization  |y eng 
245 1 0 |a Identifikácia lokálnej transformácie pri farbení mračien bodov pomocou údajov z kamery 
260 |a Bratislava :  |b STU v Bratislave FEI,  |c 2023 
300 |a 63 s. 
650 4 |a lokálna transformácia  |2 slo 
650 4 |a lidar  |2 slo 
650 4 |a kamera  |2 slo 
650 4 |a kalibrácia  |2 slo 
650 4 |a mračno bodov  |2 slo 
650 4 |a synchronizácia dát  |2 slo 
650 4 |a local transformation  |2 eng 
650 4 |a data fusion  |2 eng 
650 4 |a calibration  |2 eng 
650 4 |a lidar  |2 eng 
650 4 |a camera  |2 eng 
650 4 |a pointcloud  |2 eng 
700 1 |a Dekan, Martin  |u 031000  |k Z1  |4 ths  |U FEI Fakulta elektrotechniky a informatiky  |T FEI Ústav robotiky a kybernetiky  |X 16569  |U E011  |Y 356  |7 A000016569 
856 4 |u https://opac.crzp.sk/?fn=detailBiblioFormChildOEQ77&sid=C0DEB8E07572332BAA250915805F&seo=CRZP-detail-kniha